History of fun staff : (Record no. 7296)
[ view plain ]
| 000 -LEADER | |
|---|---|
| fixed length control field | 00992nam a22002657a 4500 |
| 001 - CONTROL NUMBER | |
| control field | 7296 |
| 003 - CONTROL NUMBER IDENTIFIER | |
| control field | FISKH |
| 005 - DATE AND TIME OF LATEST TRANSACTION | |
| control field | 20250708152445.0 |
| 008 - FIXED-LENGTH DATA ELEMENTS--GENERAL INFORMATION | |
| fixed length control field | 250708b cb ||||| |||| 00| 0 eng d |
| 020 ## - INTERNATIONAL STANDARD BOOK NUMBER | |
| International Standard Book Number | 9780545789479 |
| 040 ## - CATALOGING SOURCE | |
| Original cataloging agency | FISKH |
| Language of cataloging | eng |
| Transcribing agency | FISKH |
| Modifying agency | FISKH |
| 050 ## - LIBRARY OF CONGRESS CALL NUMBER | |
| Classification number | TX770.P58 D42 |
| 082 ## - DEWEY DECIMAL CLASSIFICATION NUMBER | |
| Classification number | 641.82 |
| 100 ## - MAIN ENTRY--PERSONAL NAME | |
| Personal name | Krensky, Stephen |
| Dates associated with a name | (1953-) |
| 245 ## - TITLE STATEMENT | |
| Title | History of fun staff : |
| Remainder of title | The deep dish on pizza! / |
| Statement of responsibility, etc. | By Stephen krensky ; Illustrated by Daniel Guidera |
| 250 ## - EDITION STATEMENT | |
| Edition statement | This edition first published in 2014 |
| 260 ## - PUBLICATION, DISTRIBUTION, ETC. | |
| Place of publication, distribution, etc. | New York : |
| Name of publisher, distributor, etc. | Scholastic, |
| Date of publication, distribution, etc. | 2014 |
| 300 ## - PHYSICAL DESCRIPTION | |
| Extent | 48 pages : |
| Other physical details | color illustrations ; |
| Dimensions | 23 cm |
| 520 ## - SUMMARY, ETC. | |
| Summary, etc. | Young readers can chow down on a slice of mouthwatering history in this nonfiction reader all about pizza. A special section at the back includes relevant information on subjects like geography and science.<br/> |
| 650 ## - SUBJECT ADDED ENTRY--TOPICAL TERM | |
| Source of heading or term | Pizza |
| Topical term or geographic name entry element | Food |
| 650 ## - SUBJECT ADDED ENTRY--TOPICAL TERM | |
| Source of heading or term | History |
| Topical term or geographic name entry element | Juvenile |
| 700 ## - ADDED ENTRY--PERSONAL NAME | |
| Personal name | Guidera, Daniel |
| Dates associated with a name | illustrator |
| 942 ## - ADDED ENTRY ELEMENTS (KOHA) | |
| Source of classification or shelving scheme | Dewey Decimal Classification |
| Koha item type | Books |
| Suppress in OPAC | No |
| Withdrawn status | Lost status | Source of classification or shelving scheme | Damaged status | Not for loan | Collection | Home library | Current library | Shelving location | Date acquired | Total Checkouts | Full call number | Barcode | Date last seen | Copy number | Price effective from | Koha item type |
|---|---|---|---|---|---|---|---|---|---|---|---|---|---|---|---|---|
| Dewey Decimal Classification | Non-Fiction | Footprints International School Library Network Toul Tom Poung Campus | Footprints International School Library Network Toul Tom Poung Campus | TTP Secondary Non-Fiction Bookshelves | 07/08/2025 | KRE 641.82 TX770.P58 D42 | FISBK02830 | 07/08/2025 | 1 | 07/08/2025 | Books |
